Vitré - Choix multiples - Statistiques

Statistiques générales
  • Ce quiz a été pris 38 fois
  • Le résultat moyen est 6 sur 10
Statistiques - réponses
Question Réponse % Correct
Dans quelle région se situe Vitré ? En Bretagne
97%
Reconnaissez-vous le château de Vitré parmi les suivants ?
90%
Quel fleuve traverse Vitré ? La Vilaine
87%
Quelle célèbre épistolière possédait le château qui porte le nom de sa famille "Château des Rochers-_____", dans la campagne vitréenne ? La marquise de Sévigné
77%
Quel auteur écrivit dans son roman "Le Marquis de Fayolle" (1849) que Vitré était "sans doute la ville de France qui a le mieux conservé sa physionomie du Moyen âge" ? Gérard de Nerval
65%
Du fait de quel phénomène de déplacement de population entamé au XIXe siècle et accéléré après la Seconde Guerre mondiale, la population de Vitré s'est accrue significativement entre 1954 et 1975 ? L'exode rural
58%
Quelle insurrection s'est notamment développée dans la campagne vitréenne et prit la ville en date du 6 novembre 1793 ? Les Chouans
42%
Quel fruit oléagineux entre typiquement dans la composition du "vitréais", le gâteau traditionnel du pays de Vitré ? L'amande
39%
Quel saint est le dédicataire du monastère de Vitré ? Saint Nicolas
35%
Quelle plante ou fibre textile tirée de la plante a fait la fortune et la réputation de Vitré, notamment au XVe siècle ? Le chanvre
29%
Aucun quiz correspondant
Distribution des résultats
% des personnes avec chaque résultat
Percentile par nombre de réponses
Votre historique - résultats
Vous n’avez pas pris ce quiz